50 Biggest Cities in California - Statistics

General Stats
  • This quiz has been taken 37 times
  • The average score is 29 of 50
Answer Stats
# Pop. Answer % Correct
1 3,874,297 Los Angeles
100%
4 815,701 San Francisco
100%
5 551,952 Fresno
97%
2 1,409,359 San Diego
97%
3 994,288 San Jose
97%
9 420,530 Bakersfield
94%
8 444,196 Oakland
94%
6 538,352 Sacramento
94%
12 325,812 Riverside
91%
11 325,976 Stockton
91%
7 447,228 Long Beach
88%
10 344,035 Anaheim
85%
18 225,439 San Bernardino
85%
13 321,241 Irvine
82%
14 317,423 Santa Ana
79%
15 279,230 Chula Vista
76%
23 191,833 Huntington Beach
68%
19 221,060 Modesto
68%
45 136,650 Pasadena
68%
17 227,628 Fremont
65%
44 137,556 Orange
59%
20 220,772 Fontana
56%
22 200,293 Oxnard
56%
16 228,343 Santa Clarita
56%
27 177,412 Santa Rosa
53%
21 215,183 Moreno Valley
50%
24 187,675 Ontario
50%
50 123,582 Thousand Oaks
50%
30 170,158 Oceanside
47%
28 177,174 Rancho Cucamonga
47%
46 134,263 Santa Clara
47%
25 185,792 Glendale
44%
32 165,984 Lancaster
44%
43 137,680 Torrance
44%
33 162,587 Corona
41%
37 157,174 Sunnyvale
41%
39 147,392 Visalia
41%
36 157,368 Hayward
38%
38 148,297 Escondido
35%
40 147,191 Pomona
35%
35 160,130 Salinas
32%
41 142,221 Victorville
32%
26 184,351 Elk Grove
29%
42 139,218 Fullerton
29%
29 177,484 Garden Grove
29%
34 160,943 Palmdale
29%
31 167,000 Roseville
29%
47 129,795 Clovis
26%
49 123,699 Concord
26%
48 125,635 Simi Valley
21%
No matching quizzes found
Score Distribution
Percent of People with Each Score
Percentile by Number Answered
Your Score History
You have not taken this quiz